Japan and Asia Pacific integration Pacific romances 1968-1996 /

Bibliographic Details
Main Author: Korhonen, Pekka, 1955-
Corporate Author: ProQuest (Firm)
Format: Electronic eBook
Language:English
Published: London ; New York : Routledge, 1998.
Series:Sheffield Centre for Japanese Studies/Routledge series.
Subjects:
Online Access:Click to View
LEADER 01496nam a2200385 a 4500
001 EBC165430
003 MiAaPQ
005 20200520144314.0
006 m o d |
007 cr cn|||||||||
008 970626s1998 enk sb 001 0 eng
010 |z  97027165  
020 |z 0415180015 (alk. paper) 
035 |a (MiAaPQ)EBC165430 
035 |a (Au-PeEL)EBL165430 
035 |a (CaPaEBR)ebr10017082 
035 |a (CaONFJC)MIL113452 
035 |a (OCoLC)70723553 
040 |a MiAaPQ  |c MiAaPQ  |d MiAaPQ 
050 4 |a HC412  |b .K65 1998 
082 0 4 |a 337.1/9  |2 21 
100 1 |a Korhonen, Pekka,  |d 1955- 
245 1 0 |a Japan and Asia Pacific integration  |h [electronic resource] :  |b Pacific romances 1968-1996 /  |c Pekka Korhonen. 
260 |a London ;  |a New York :  |b Routledge,  |c 1998. 
300 |a viii, 246 p. 
490 1 |a Sheffield Centre for Japanese Studies/Routledge series 
504 |a Includes bibliographical references (p. [203]-233) and index. 
533 |a Electronic reproduction. Ann Arbor, MI : ProQuest, 2015. Available via World Wide Web. Access may be limited to ProQuest affiliated libraries. 
651 0 |a Asia  |x Economic integration. 
651 0 |a Pacific Area  |x Economic integration. 
651 0 |a Japan  |x Foreign economic relations. 
655 4 |a Electronic books. 
710 2 |a ProQuest (Firm) 
830 0 |a Sheffield Centre for Japanese Studies/Routledge series. 
856 4 0 |u https://ebookcentral.proquest.com/lib/matrademy/detail.action?docID=165430  |z Click to View